000 00719nam a2200217 u 4500
005 20231202063645.0
008 150812s2011 es r 000 0 spa d
020 _a9788499211695
035 _aUPN01000205100
049 _aCG
050 4 _aLB43
_bV4.3
100 1 _aVega Gil, Leoncio
_937800
245 1 3 _aLa educación comparada e internacional :
_bprocesos históricos y dinámicas globales /
_cLeoncio Vega Gil.
260 _aBarcelona, Esp. :
_bOctaedro :
_bUniversitat de Barcelona,
_c2011.
300 _a126 p. :
_bgráfs.
440 0 _aEducación comparada e internacional ;
_v2
650 4 _aEducación comparada
_99140
650 7 _aEducación internacional
_2
_97351
905 _aLibro
999 _c177201
_d177201